Movie references in The Simpsons #7 - Statistics

General Stats
  • This quiz has been taken 4 times
  • The average score is 5 of 20
Answer Stats
Picture Answer % Correct
Mr. & Mrs. Smith
100%
Mad Max: Fury Road
67%
Casablanca
33%
Evita
33%
Face Off (1997)
33%
Mutiny on the Bounty (1962)
33%
Night of the Living Dead
33%
No Country for Old Men
33%
Risky Business
33%
The Last Emperor
33%
The Untouchables (1987)
33%
Toy Story
33%
Braveheart (1995)
0%
Breakfast at Tiffany's
0%
Close Encounters of the Third Kind
0%
Furious 7
0%
La La Land
0%
The Amityville Horror
0%
Up (2009)
0%
Village of the Damned (1960)
0%
No matching quizzes found
Score Distribution
Percent of People with Each Score
Percentile by Number Answered
Your Score History
You have not taken this quiz